[Event "SA Championship"]
[Site "Adelaide"]
[Date "2008.02.05"]
[Round "1.1"]
[White "Zulfic, Fedja"]
[Black "Rigo, Bernard"]
[Result "1-0"]
[WhiteElo "1767"]
[BlackElo "1777"]
[PlyCount "123"]
[EventDate "2008.02.05"]
[EventType "tourn"]
[EventRounds "11"]
[EventCountry "AUS"]

1. d4 Nf6 2. Nf3 g6 3. c4 c5 4. e3 Bg7 5. Nc3 O-O 6. Bd3 d6 7. O-O Nc6 8. a3
Bg4 9. h3 Bxf3 10. Qxf3 cxd4 11. exd4 Nxd4 12. Qxb7 Nd7 13. Be4 Rb8 14. Qxa7
Nc5 15. Bg5 Re8 16. Rab1 Nxe4 17. Nxe4 Ne2+ 18. Kh1 Rxb2 19. Rxb2 Bxb2 20. Qe3
Nd4 21. Qd2 Qa8 22. Nxd6 exd6 23. Qxb2 Qe4 24. a4 Qd3 25. Rc1 h5 26. Be3 Nf5
27. Qb5 Re5 28. c5 Qe4 29. Qb8+ Kg7 30. cxd6 Rd5 31. Re1 Qxa4 32. Bc1 Rd1 33.
Bb2+ f6 34. Qc7+ Kh6 35. Rxd1 Qxd1+ 36. Kh2 Nxd6 37. Bxf6 Nf5 38. Qb8 Qd6+ 39.
Qxd6 Nxd6 40. h4 Ne4 41. Bd4 Kh7 42. Be3 Kg8 43. g3 Kf7 44. Kg2 Ke6 45. f3 Nf6
46. Bg5 Nh7 47. Kf2 Kf5 48. Be7 Ke6 49. Ba3 Kf5 50. Ke3 Nf6 51. Kd4 Ng8 52. Kd5
Nf6+ 53. Kd6 Ng8 54. Bb2 Nh6 55. Ke7 g5 56. hxg5 Kxg5 57. Bc1+ Kg6 58. Bxh6
Kxh6 59. Kf6 h4 60. gxh4 Kh5 61. Ke6 Kxh4 62. f4 1-0

[Event "SA Championship"]
[Site "Adelaide"]
[Date "2008.02.05"]
[Round "1.2"]
[White "Djelaj, Pasko"]
[Black "Mdinaradze, Edgar"]
[Result "0-1"]
[WhiteElo "1647"]
[BlackElo "1908"]
[PlyCount "152"]
[EventDate "2008.02.05"]
[EventType "tourn"]
[EventRounds "11"]
[EventCountry "AUS"]

1. d4 Nf6 2. Nf3 d6 3. c4 g6 4. Nc3 Bg7 5. Qc2 Nc6 6. e3 O-O 7. a3 e5 8. d5 Ne7
9. Be2 Ne8 10. O-O f5 11. Kh1 Nf6 12. b4 Kh8 13. Bb2 Bd7 14. Rad1 Nh5 15. Rg1
Ng8 16. a4 Nh6 17. Nb1 Ng4 18. Rgf1 f4 19. e4 Bf6 20. Nc3 Bh4 21. Bd3 Bf6 22.
c5 Qe7 23. Ba3 a6 24. Rb1 b6 25. c6 Bc8 26. b5 a5 27. Ne2 Nh6 28. Rb3 g5 29. h3
g4 30. hxg4 Nxg4 31. Neg1 Bh4 32. Nh3 Bf6 33. Bc4 Nh6 34. Nfg1 Rg8 35. Be2 Ng7
36. Qd1 Nf7 37. g4 h5 38. gxh5 Nh6 39. Kh2 Ne8 40. Bc1 Bh4 41. Bd2 Nf6 42. Bf3
Bg4 43. Be1 Rg7 44. Qe2 Nxh5 45. Bxg4 Nxg4+ 46. Kh1 Rag8 47. Nf3 Rh7 48. Rg1
Nhf6 49. Nh2 Nxh2 50. Rxg8+ Kxg8 51. Kxh2 Qg7 52. Qf3 Qg6 53. Rb1 Nxe4 54. Rc1
Qf5 55. Kg2 Bg3 56. Ng1 Rh2+ 57. Kf1 Bxf2 58. Ne2 Bxe1 59. Kxe1 Qg6 60. Rc4 Nf6
61. Rc1 Qg2 62. Qxg2+ Rxg2 63. Rd1 f3 64. Nc3 e4 65. Rd2 Rg1+ 66. Kf2 Rc1 67.
Nd1 Ng4+ 68. Kg3 Nf6 69. Kf4 Kf7 70. Ne3 Re1 71. Nc4 Nxd5+ 72. Rxd5 f2 73. Rf5+
Ke6 74. Kg3 f1=Q 75. Rxf1 Rxf1 76. Kg2 Rc1 0-1

[Event "SA Championship"]
[Site "Adelaide"]
[Date "2008.03.13"]
[Round "1.3"]
[White "Short, Andrew"]
[Black "Sykes, Alexander"]
[Result "1/2-1/2"]
[WhiteElo "1703"]
[BlackElo "1920"]
[PlyCount "77"]
[EventDate "2008.02.05"]
[EventType "tourn"]
[EventRounds "11"]
[EventCountry "AUS"]

1. e4 c5 2. Nf3 e6 3. d4 cxd4 4. Nxd4 Nc6 5. Nc3 a6 6. Be3 Qc7 7. Qd2 Na5 8.
O-O-O b5 9. Kb1 Bb7 10. f3 Rc8 11. Bd3 Nf6 12. g4 Bb4 13. Nde2 Nc4 14. Bxc4
bxc4 15. Bg5 Be7 16. h4 Bc6 17. Nd4 Ba8 18. Nde2 Rb8 19. Na4 Bc6 20. Nac3 a5
21. Nd4 Qb7 22. b3 cxb3 23. cxb3 a4 24. Nxc6 Qxc6 25. Kb2 axb3 26. axb3 Qb7 27.
Qc2 Rc8 28. Qd3 Rb8 29. Qc4 O-O 30. Rd3 Rfc8 31. Qa4 Rc6 32. e5 Rb6 33. Ne2 Nd5
34. Bxe7 Nxe7 35. Ra1 Nd5 36. Ra3 Qc7 37. Qd4 Rc8 38. Nc3 Rc6 39. Ra7 1/2-1/2

[Event "SA Championship"]
[Site "Adelaide"]
[Date "2008.02.05"]
[Round "1.4"]
[White "Kerr, Bill"]
[Black "Cowley, Robert"]
[Result "1-0"]
[WhiteElo "1958"]
[BlackElo "2026"]
[PlyCount "103"]
[EventDate "2008.02.05"]
[EventType "tourn"]
[EventRounds "11"]
[EventCountry "AUS"]

1. Nf3 d5 2. g3 Nf6 3. Bg2 c6 4. d3 Bg4 5. Nbd2 Nbd7 6. O-O e5 7. h3 Bh5 8. e4
Bd6 9. Qe1 Bxf3 10. Nxf3 dxe4 11. dxe4 Qe7 12. Nh4 g6 13. Be3 Bc5 14. Bh6 Qe6
15. Nf3 O-O-O 16. b4 Bf8 17. Be3 Kb8 18. b5 c5 19. Nd2 h5 20. f4 Bh6 21. a4 h4
22. f5 Bxe3+ 23. Qxe3 Qd6 24. fxg6 fxg6 25. g4 Rhf8 26. Nf3 Ng8 27. Nxh4 Rf4
28. Rad1 Qf6 29. Nf3 g5 30. Rf2 Nh6 31. Rfd2 Kc7 32. Rxd7+ Rxd7 33. Qxc5+ Kd8
34. Rxd7+ Kxd7 35. Nxe5+ Kd8 36. Qd5+ Kc7 37. Nd7 Qd6 38. Nc5 Qxd5 39. exd5 Kb6
40. Ne6 Rxa4 41. Nxg5 Kxb5 42. Ne6 Nxg4 43. hxg4 Rxg4 44. d6 a5 45. d7 Rg8 46.
Kf2 Kb6 47. d8=Q+ Rxd8 48. Nxd8 a4 49. Nxb7 a3 50. Bd5 a2 51. Bxa2 Kxb7 52. Ke3
1-0

[Event "SA Championship"]
[Site "Adelaide"]
[Date "2008.02.05"]
[Round "1.5"]
[White "Cloudsdale, Colin"]
[Black "Juszczynski, Mathew"]
[Result "1-0"]
[WhiteElo "1962"]
[BlackElo "1906"]
[PlyCount "75"]
[EventDate "2008.02.05"]
[EventType "tourn"]
[EventRounds "11"]
[EventCountry "AUS"]

1. e4 c5 2. Nf3 d6 3. d4 cxd4 4. Nxd4 Nf6 5. Nc3 a6 6. Bc4 e6 7. Bb3 Nbd7 8.
Be3 Nc5 9. f3 Be7 10. Qd2 O-O 11. O-O-O Qc7 12. Kb1 b5 13. g4 b4 14. Nce2 a5
15. Nb5 Qb6 16. Nxd6 a4 17. Bc4 Ba6 18. Bxa6 Rxa6 19. Qd4 Nfd7 20. e5 b3 21.
Nc3 bxa2+ 22. Kxa2 Rb8 23. Nce4 Bxd6 24. exd6 e5 25. Qc3 Ra5 26. Nxc5 Nxc5 27.
Rd5 Qb7 28. Rxc5 Rxc5 29. Bxc5 Qd5+ 30. Kb1 Rc8 31. Qa5 Qxc5 32. Qxc5 Rxc5 33.
Rd1 Rc8 34. d7 Rd8 35. c4 Kf8 36. c5 Ke7 37. c6 a3 38. b4 1-0

[Event "SA Championship"]
[Site "Adelaide"]
[Date "2008.02.12"]
[Round "2.1"]
[White "Cowley, Robert"]
[Black "Cloudsdale, Colin"]
[Result "0-1"]
[WhiteElo "2026"]
[BlackElo "1962"]
[PlyCount "116"]
[EventDate "2008.02.05"]
[EventType "tourn"]
[EventRounds "11"]
[EventCountry "AUS"]

1. e4 c5 2. Nf3 e6 3. d4 cxd4 4. Nxd4 a6 5. Bd3 Nc6 6. Nxc6 bxc6 7. c4 Qc7 8.
Qe2 Bd6 9. h3 Ne7 10. Nc3 Ng6 11. g3 Ne5 12. Bc2 c5 13. Be3 Nc6 14. Rd1 Be5 15.
Bxc5 Na5 16. Bd4 Nxc4 17. Bxe5 Nxe5 18. f4 Nc6 19. e5 Qb6 20. Be4 Rb8 21. Rd2
Bb7 22. Qf2 Ba8 23. Qxb6 Rxb6 24. Kf2 f6 25. exf6 gxf6 26. Re1 Ke7 27. f5 Ne5
28. Bxa8 Rxa8 29. fxe6 dxe6 30. b3 Rc6 31. Ne4 Rac8 32. g4 Rc2 33. Ree2 Rxd2
34. Rxd2 h5 35. g5 f5 36. Nf6 h4 37. Ke3 Rc7 38. Nh5 Ng6 39. Nf4 Nxf4 40. Kxf4
Rc3 41. Rg2 Kf7 42. Rd2 Rxh3 43. Rd7+ Ke8 44. Rd6 Ke7 45. Rxa6 Rg3 46. Ra7+ Kd6
47. Rh7 Rg4+ 48. Kf3 e5 49. g6 e4+ 50. Kf2 Rxg6 51. Rxh4 Ke5 52. Rh8 Ra6 53. a4
Rb6 54. a5 Rxb3 55. a6 Ra3 56. Rh6 f4 57. Rb6 Ra2+ 58. Ke1 f3 0-1

[Event "SA Championship"]
[Site "Adelaide"]
[Date "2008.03.06"]
[Round "2.2"]
[White "Sykes, Alexander"]
[Black "Kerr, Bill"]
[Result "1-0"]
[WhiteElo "1920"]
[BlackElo "1958"]
[Annotator "Anderson-Smith,W.T."]
[PlyCount "87"]
[EventDate "2008.02.05"]
[EventType "tourn"]
[EventRounds "11"]
[EventCountry "AUS"]

1. d4 f5 2. Bg5 h6 3. Bh4 g5 4. e4 Bg7 5. Bg3 f4 $2 6. Bxf4 gxf4 7. Qh5+ Kf8 8.
Qf5+ Ke8 9. Be2 Nf6 10. e5 d6 11. Qg6+ Kf8 12. exf6 Bxf6 13. Bh5 Be6 14. Nh3
Bg8 15. Nxf4 e5 16. dxe5 dxe5 17. Ne2 Qe7 18. Nbc3 Nc6 19. O-O Bh7 20. Qxh6+
Bg7 21. Qe3 Bf5 22. g4 Kg8 23. Ng3 Bxc2 24. Nce4 Rd8 25. Qg5 Qxg5 26. Nxg5 e4
27. Ne6 Rd2 28. Nxg7 Kxg7 29. Rfe1 Nd4 30. g5 Rf8 31. Nxe4 Bxe4 32. Rxe4 Rfxf2
33. Rxd4 Rg2+ 34. Kf1 Rgf2+ 35. Ke1 Rxb2 36. Rd7+ Kg8 37. Bf7+ Kh8 38. Bc4 Rxh2
39. Rad1 Rbg2 40. Rxc7 Rg1+ 41. Bf1 Rxg5 42. Rd8+ Rg8 43. Rxg8+ Kxg8 44. Rxb7
1-0

[Event "SA Championship"]
[Site "Adelaide"]
[Date "2008.02.12"]
[Round "2.3"]
[White "Mdinaradze, Edgar"]
[Black "Short, Andrew"]
[Result "1-0"]
[WhiteElo "1925"]
[BlackElo "1703"]
[PlyCount "58"]
[EventDate "2008.02.05"]
[EventType "tourn"]
[EventRounds "11"]
[EventCountry "AUS"]

1. d4 Nf6 2. c4 g6 3. Nc3 Bg7 4. e4 d6 5. f3 O-O 6. Nge2 Nc6 7. Be3 a6 8. Qd2
Rb8 9. Nc1 e5 10. d5 Nd4 11. Nb3 Nxb3 12. axb3 c5 13. h4 Nh5 14. g4 Ng3 15. Rh2
Nxf1 16. Kxf1 f5 17. gxf5 gxf5 18. Bg5 Qb6 19. Kg1 f4 20. h5 h6 21. Bh4 Rf7 22.
Kh1 Qxb3 23. Rg1 b5 24. Rhg2 Rbb7 25. cxb5 axb5 26. Qf2 b4 27. Nd1 Kf8 28. Rg6
Ke8 29. Rxd6 Bf8 1-0

[Event "SA Championship"]
[Site "Adelaide"]
[Date "2008.02.12"]
[Round "2.4"]
[White "Rigo, Bernard"]
[Black "Djelaj, Pasko"]
[Result "1-0"]
[WhiteElo "1777"]
[BlackElo "1647"]
[PlyCount "99"]
[EventDate "2008.02.05"]
[EventType "tourn"]
[EventRounds "11"]
[EventCountry "AUS"]

1. e4 c5 2. Nf3 d6 3. d4 cxd4 4. Nxd4 Nf6 5. Nc3 e6 6. Bg5 Be7 7. Qd2 a6 8.
O-O-O Nbd7 9. f4 Qc7 10. f5 e5 11. Nf3 b5 12. Bd3 Bb7 13. Rhe1 h6 14. Bh4 O-O-O
15. a4 b4 16. Nd5 Nxd5 17. exd5 Bxh4 18. Nxh4 Qa5 19. b3 Kb8 20. Re4 Rc8 21.
Qxb4 Qxb4 22. Rxb4 Ka7 23. Rg4 Rhg8 24. Kb2 Nf6 25. Rg3 Rb8 26. c4 Bc8 27. a5
Bd7 28. Ka3 Rb7 29. Bc2 Nh5 30. Re3 f6 31. g3 Be8 32. b4 Bf7 33. Be4 Rgb8 34.
Rb1 Be8 35. Reb3 Rc7 36. Rc3 Rbc8 37. Rbc1 Bd7 38. Ng6 Bb5 39. Kb3 Be8 40. Bf3
Nxg3 41. hxg3 Bxg6 42. fxg6 f5 43. c5 e4 44. Be2 Rd8 45. cxd6 Rxc3+ 46. Rxc3
Rxd6 47. Rc7+ Kb8 48. Rxg7 Rxd5 49. Rg8+ Kb7 50. g7 1-0

[Event "SA Championship"]
[Site "Adelaide"]
[Date "2008.02.12"]
[Round "2.5"]
[White "Jackson, Ralph"]
[Black "Zulfic, Fedja"]
[Result "1-0"]
[WhiteElo "1901"]
[BlackElo "1767"]
[PlyCount "61"]
[EventDate "2008.02.05"]
[EventType "tourn"]
[EventRounds "11"]
[EventCountry "AUS"]

1. g3 c5 2. Bg2 Nc6 3. e4 g6 4. Ne2 Bg7 5. c3 e5 6. O-O Nge7 7. d3 O-O 8. Be3
d6 9. d4 b6 10. d5 Na5 11. Nd2 Ba6 12. b3 Rc8 13. c4 f5 14. Rc1 Rc7 15. f4 Bc8
16. fxe5 Bxe5 17. Bh6 Bg7 18. Bxg7 Kxg7 19. Nf4 Nb7 20. Nf3 Ng8 21. Qd2 Qf6 22.
exf5 Bxf5 23. Ne6+ Bxe6 24. Ng5 Bf5 25. Ne6+ Bxe6 26. Rxf6 Rxf6 27. dxe6 Rxe6
28. Rf1 Nf6 29. Qf4 Ng8 30. Qf8+ Kh8 31. Bd5 1-0

[Event "SA Championship"]
[Site "Adelaide"]
[Date "2008.02.19"]
[Round "3.1"]
[White "Djelaj, Pasko"]
[Black "Jackson, Ralph"]
[Result "0-1"]
[WhiteElo "1647"]
[BlackElo "1901"]
[PlyCount "122"]
[EventDate "2008.02.05"]
[EventType "tourn"]
[EventRounds "11"]
[EventCountry "AUS"]

1. d4 g6 2. c4 Bg7 3. Nf3 f5 4. g3 b6 5. Bg2 Bb7 6. Nc3 Nf6 7. a4 O-O 8. O-O a5
9. b3 e6 10. Re1 Na6 11. Bg5 d5 12. Ne5 c6 13. Rc1 Qe8 14. f3 h6 15. Bxf6 Bxf6
16. cxd5 cxd5 17. Qd2 Bg5 18. e3 Rc8 19. Nb5 Be7 20. Red1 g5 21. Bf1 Bb4 22.
Qg2 Kg7 23. Na7 Rxc1 24. Rxc1 Bd6 25. f4 Qa8 26. Nb5 Bxe5 27. fxe5 Rc8 28. Qb2
Rc6 29. Nd6 Nb4 30. h3 Ba6 31. Nb5 Rxc1 32. Qxc1 Qc8 33. Qxc8 Bxc8 34. Nc7 Nc2
35. Kf2 f4 36. gxf4 gxf4 37. exf4 Nxd4 38. Na8 Nxb3 39. Nxb6 Bb7 40. Bb5 Nc5
41. Ke3 Ne4 42. Nd7 Kf7 43. Kd4 Kg6 44. Bd3 Kf7 45. Bxe4 dxe4 46. Nc5 Bc6 47.
h4 h5 48. Nxe4 Bxa4 49. Nd6+ Kg6 50. Nc4 Kf5 51. Ke3 Kg4 52. Nxa5 Kxh4 53. Nc4
Kg3 54. Nd2 h4 55. Ne4+ Kg2 56. Ng5 h3 57. Nxh3 Kxh3 58. f5 exf5 59. Kf4 Bd7
60. Kf3 Kh4 61. Kf4 Kh5 0-1

[Event "SA Championship"]
[Site "Adelaide"]
[Date "2008.02.19"]
[Round "3.2"]
[White "Short, Andrew"]
[Black "Rigo, Bernard"]
[Result "0-1"]
[WhiteElo "1703"]
[BlackElo "1777"]
[PlyCount "72"]
[EventDate "2008.02.05"]
[EventType "tourn"]
[EventRounds "11"]
[EventCountry "AUS"]

1. e4 e5 2. Nf3 Nc6 3. Bb5 a6 4. Ba4 Nf6 5. O-O b5 6. Bb3 Bb7 7. c3 Nxe4 8. Re1
d5 9. d3 Nf6 10. Nxe5 Nxe5 11. Rxe5+ Be7 12. Qe2 Nd7 13. Re3 Nc5 14. Nd2 Ne6
15. Nf3 O-O 16. d4 c5 17. g3 Bf6 18. Bc2 g6 19. dxc5 d4 20. cxd4 Bxd4 21. Nxd4
Nxd4 22. Qd3 Qf6 23. Bd1 Qc6 24. f3 Qxc5 25. Kg2 Rad8 26. Qc3 Qb6 27. Bd2 Nf5
28. Rd3 Rxd3 29. Qxd3 b4 30. Be2 Rd8 31. Qc2 a5 32. Rd1 Nd4 33. Qc4 Qf6 34. Rf1
Nxf3 35. Bxf3 Bxf3+ 36. Kg1 Rxd2 0-1

[Event "SA Championship"]
[Site "Adelaide"]
[Date "2008.02.19"]
[Round "3.3"]
[White "Kerr, Bill"]
[Black "Mdinaradze, Edgar"]
[Result "1/2-1/2"]
[WhiteElo "1958"]
[BlackElo "1908"]
[PlyCount "102"]
[EventDate "2008.02.05"]
[EventType "tourn"]
[EventRounds "11"]
[EventCountry "AUS"]

1. Nf3 Nf6 2. g3 d5 3. Bg2 Bf5 4. O-O e6 5. d3 Nbd7 6. Nbd2 Be7 7. Qe1 O-O 8.
e4 dxe4 9. dxe4 Bg6 10. Nh4 e5 11. b3 Ne8 12. Nxg6 hxg6 13. Bb2 c6 14. f4 Qc7
15. Nc4 Bf6 16. Rd1 b5 17. Ne3 exf4 18. Bxf6 Nexf6 19. gxf4 Rad8 20. e5 Nh5 21.
Rd6 Nb8 22. Qd2 Qe7 23. c4 f6 24. Rd1 Rde8 25. cxb5 Nxf4 26. bxc6 Qxe5 27. Nc4
Qc5+ 28. Kh1 Nxg2 29. Qxg2 Rc8 30. R1d5 Qb4 31. Qxg6 Qe1+ 32. Kg2 Qe2+ 33. Kh3
Qf3+ 34. Qg3 Qxg3+ 35. Kxg3 Rxc6 36. Rxc6 Nxc6 37. Rd7 Rf7 38. Rxf7 Kxf7 39.
Kf4 Ke6 40. Ne3 Nb4 41. a3 Nd3+ 42. Kf3 f5 43. h4 g6 44. b4 a6 45. Ng2 Ke5 46.
Ke3 Nb2 47. Kf3 Nc4 48. Nf4 Nxa3 49. Nxg6+ Kf6 50. Nf4 Nc4 51. Nd5+ Ke5 1/2-1/2

[Event "SA Championship"]
[Site "Adelaide"]
[Date "2008.03.11"]
[Round "3.4"]
[White "Cloudsdale, Colin"]
[Black "Sykes, Alexander"]
[Result "0-1"]
[WhiteElo "1962"]
[BlackElo "1920"]
[PlyCount "92"]
[EventDate "2008.02.05"]
[EventType "tourn"]
[EventRounds "11"]
[EventCountry "AUS"]

1. e4 c5 2. Nf3 e6 3. d4 cxd4 4. Nxd4 Nc6 5. Nc3 Qc7 6. Ndb5 Qb8 7. g3 a6 8.
Na3 b5 9. Nab1 Nf6 10. Bf4 d6 11. Bg2 Bb7 12. O-O Be7 13. Re1 Qc7 14. Nd2 Rc8
15. Nf3 Ne5 16. Re2 O-O 17. Qe1 Nfd7 18. Nxe5 Nxe5 19. Bc1 Bf6 20. Nd1 Nc4 21.
Rb1 Bd4 22. b3 Ne5 23. Be3 Qb6 24. Bxd4 Qxd4 25. Rd2 Qb6 26. Ne3 b4 27. Rbd1
Rfd8 28. Kh1 Rc3 29. Rd4 f5 30. a3 Bxe4 31. Bxe4 fxe4 32. Rxb4 Qc6 33. Qe2 Nf3
34. Rc4 Qb5 35. Kg2 Qh5 36. h3 Rxc4 37. Qxc4 d5 38. Qxa6 Ng5 39. h4 Qf3+ 40.
Kf1 Rf8 41. Rd2 Qxe3 42. Qe2 Qxe2+ 43. Kxe2 Nf3 44. Rd1 Rc8 45. Rc1 Nd4+ 46.
Kd2 Kf7 0-1

[Event "SA Championship"]
[Site "Adelaide"]
[Date "2008.02.19"]
[Round "3.5"]
[White "Juszczynski, Mathew"]
[Black "Cowley, Robert"]
[Result "0-1"]
[WhiteElo "1906"]
[BlackElo "2026"]
[PlyCount "64"]
[EventDate "2008.02.05"]
[EventType "tourn"]
[EventRounds "11"]
[EventCountry "AUS"]

1. e4 c5 2. f4 Nf6 3. Nc3 d5 4. e5 Ng4 5. Bb5+ Nc6 6. h3 Nh6 7. Nf3 e6 8. d4
cxd4 9. Nxd4 Qh4+ 10. Kf1 Bd7 11. Be3 Bc5 12. Nce2 Bxd4 13. Nxd4 Nxd4 14. Bxd7+
Kxd7 15. Qxd4 Rhc8 16. Bf2 Qe7 17. Qa4+ Kd8 18. g4 Rc4 19. Qa5+ Qc7 20. Qa3 Ke8
21. Qe3 Rxc2 22. f5 exf5 23. g5 Qc4+ 24. Kg1 f4 25. Qf3 Nf5 26. e6 fxe6 27. Re1
Kd7 28. Qh5 Re8 29. Rh2 Rc1 30. Qxh7 Rxe1+ 31. Bxe1 Ne3 32. Re2 Qxe2 0-1

[Event "SA Championship"]
[Site "Adelaide"]
[Date "2008.04.10"]
[Round "4.1"]
[White "Sykes, Alexander"]
[Black "Juszczynski, Mathew"]
[Result "1-0"]
[WhiteElo "1920"]
[BlackElo "1906"]
[PlyCount "51"]
[EventDate "2008.02.05"]
[EventType "tourn"]
[EventRounds "11"]
[EventCountry "AUS"]

1. d4 d5 2. c4 c6 3. Nf3 Nf6 4. Nc3 e6 5. Bg5 Nbd7 6. e3 Qa5 7. cxd5 exd5 8.
Nd2 Bb4 9. Qc2 O-O 10. Bd3 Ne4 11. Bxe4 dxe4 12. Ndxe4 Re8 13. h4 h6 14. Bf4
Rxe4 15. Qxe4 Bxc3+ 16. bxc3 Qxc3+ 17. Ke2 Qb2+ 18. Kf3 Nf6 19. Qb1 Qd2 20. Be5
Bg4+ 21. Kg3 Nh5+ 22. Kxg4 Qxf2 23. Qg1 Qe2+ 24. Kh3 f5 25. Qd1 Qxe3+ 26. Qf3
1-0

[Event "SA Championship"]
[Site "Adelaide"]
[Date "2008.02.26"]
[Round "4.2"]
[White "Mdinaradze, Edgar"]
[Black "Cloudsdale, Colin"]
[Result "0-1"]
[WhiteElo "1908"]
[BlackElo "1962"]
[PlyCount "88"]
[EventDate "2008.02.05"]
[EventType "tourn"]
[EventRounds "11"]
[EventCountry "AUS"]

1. d4 Nf6 2. c4 e6 3. Nf3 b6 4. g3 Bb7 5. Bg2 d5 6. Ne5 Nfd7 7. O-O Bd6 8. f4
O-O 9. Nc3 c5 10. e3 Nf6 11. a3 Qe7 12. cxd5 exd5 13. Qb3 Rd8 14. Nb5 Nc6 15.
Rd1 c4 16. Qc2 Rac8 17. Nxd6 Qxd6 18. Bd2 Qe6 19. Rf1 b5 20. Rae1 Ra8 21. Re2
a6 22. Bf3 Ra7 23. Rg2 Ne4 24. g4 f6 25. f5 Qd6 26. Nxc6 Bxc6 27. Bxe4 dxe4 28.
g5 fxg5 29. Rxg5 Qh6 30. Rg3 Rf8 31. a4 Bd5 32. axb5 Raf7 33. Ba5 Rxf5 34. Rxf5
Rxf5 35. Bc7 Rf7 36. Qe2 Rxc7 37. Qe1 Rf7 38. Qa5 Qf6 39. Qe1 h6 40. Rg4 Rf8
41. Rg3 Bf7 42. Rg4 Bh5 43. Rf4 Qg5+ 44. Qg3 Qxb5 0-1

[Event "SA Championship"]
[Site "Adelaide"]
[Date "2008.02.26"]
[Round "4.3"]
[White "Rigo, Bernard"]
[Black "Kerr, Bill"]
[Result "1-0"]
[WhiteElo "1777"]
[BlackElo "1958"]
[PlyCount "81"]
[EventDate "2008.02.05"]
[EventType "tourn"]
[EventRounds "11"]
[EventCountry "AUS"]

1. e4 Nc6 2. Nf3 d6 3. d4 Nf6 4. Nc3 Bg4 5. Be3 e5 6. d5 Ne7 7. h3 Bh5 8. Be2
c6 9. Bg5 Nc8 10. Nd2 Bg6 11. f3 Be7 12. h4 h6 13. Bxf6 Bxf6 14. g3 O-O 15. Nf1
Qb6 16. Rb1 a6 17. Qd2 Bd8 18. g4 Qa7 19. Ne3 Bb6 20. Ncd1 Ne7 21. a4 Rac8 22.
c3 cxd5 23. Nxd5 Nxd5 24. Qxd5 Rc5 25. Qd2 d5 26. b4 Rcc8 27. Qxd5 Rfd8 28. Qa2
h5 29. g5 Rc7 30. Kf1 Rcd7 31. Kg2 Rd2 32. Rb2 Be3 33. Rxd2 Rxd2 34. Qc4 Bf4
35. Re1 Kh7 36. Nf2 Qe3 37. Nd1 Qb6 38. Nf2 f5 39. exf5 Bxf5 40. Rd1 Bd3 41.
Bxd3+ 1-0

[Event "SA Championship"]
[Site "Adelaide"]
[Date "2008.02.26"]
[Round "4.4"]
[White "Jackson, Ralph"]
[Black "Short, Andrew"]
[Result "0-1"]
[WhiteElo "1901"]
[BlackElo "1703"]
[PlyCount "80"]
[EventDate "2008.02.05"]
[EventType "tourn"]
[EventRounds "11"]
[EventCountry "AUS"]

1. g3 Nf6 2. Bg2 g6 3. e4 d6 4. Ne2 c5 5. O-O Nc6 6. c3 Bg7 7. d3 O-O 8. f4 Qc7
9. Nd2 Rb8 10. h3 b5 11. a3 a5 12. Kh2 b4 13. axb4 axb4 14. c4 Bb7 15. Nf3 Ra8
16. Rb1 Ra2 17. Be3 Rfa8 18. g4 Nd7 19. Qd2 Nb6 20. Nc1 Ra1 21. Qc2 Rxb1 22.
Qxb1 Na4 23. Rf2 Na5 24. Kh1 Nc6 25. Nb3 Na5 26. Nxa5 Qxa5 27. Bc1 Nb6 28. Qc2
Qa2 29. f5 Na4 30. g5 b3 31. Qd2 Qb1 32. Qf4 Bxb2 33. Rf1 Bxc1 34. Rxc1 Qxd3
35. f6 Qxe4 36. Qxe4 Bxe4 37. Nd2 Bxg2+ 38. Kxg2 b2 39. Re1 exf6 40. gxf6 Kf8
0-1

[Event "SA Championship"]
[Site "Adelaide"]
[Date "2008.02.26"]
[Round "4.5"]
[White "Zulfic, Fedja"]
[Black "Djelaj, Pasko"]
[Result "1-0"]
[WhiteElo "1767"]
[BlackElo "1647"]
[PlyCount "91"]
[EventDate "2008.02.05"]
[EventType "tourn"]
[EventRounds "11"]
[EventCountry "AUS"]

1. d4 d5 2. Nf3 e6 3. e3 Nf6 4. Bd3 a6 5. O-O Be7 6. Nbd2 b5 7. c3 Bb7 8. Ne5
Nbd7 9. f4 g6 10. Ndf3 c5 11. Bd2 Rc8 12. Be1 Ne4 13. Rc1 O-O 14. Bb1 f5 15.
Nxd7 Qxd7 16. Ne5 Qd8 17. g4 Rc7 18. Rc2 Bf6 19. Rg2 Rg7 20. g5 Be7 21. h4 Bd6
22. Bxe4 dxe4 23. Rd2 Qc7 24. h5 gxh5 25. Qxh5 cxd4 26. cxd4 Bd5 27. b3 Bxe5
28. dxe5 Rg6 29. Rh2 Rf7 30. Bb4 Rfg7 31. Ba3 a5 32. Rc1 Qd8 33. Rhc2 Rxg5+ 34.
fxg5 Rxg5+ 35. Rg2 Rxg2+ 36. Kxg2 b4 37. Bb2 Bb7 38. Bd4 Ba6 39. Rg1 Kh8 40.
Kh3 Qf8 41. Qg5 Be2 42. Qf6+ Qxf6 43. exf6 Bg4+ 44. Rxg4 fxg4+ 45. Kxg4 Kg8 46.
Kg5 1-0

[Event "SA Championship"]
[Site "Adelaide"]
[Date "2008.03.04"]
[Round "5.1"]
[White "Short, Andrew"]
[Black "Zulfic, Fedja"]
[Result "0-1"]
[WhiteElo "1703"]
[BlackElo "1862"]
[PlyCount "92"]
[EventDate "2008.02.05"]
[EventType "tourn"]
[EventRounds "11"]
[EventCountry "AUS"]

1. e4 d5 2. exd5 Nf6 3. d4 Bg4 4. f3 Bf5 5. Bb5+ Nbd7 6. c4 a6 7. Ba4 b5 8.
cxb5 Nxd5 9. Ne2 e6 10. O-O Bd6 11. bxa6 Rxa6 12. Nbc3 Nxc3 13. Nxc3 Qh4 14. f4
g5 15. Nb5 g4 16. g3 Qh3 17. Bc2 Nf6 18. Bxf5 exf5 19. Qe2+ Kd7 20. Nxd6 Rxd6
21. Qb5+ Kc8 22. Qxf5+ Nd7 23. Qe4 Re6 24. Qg2 Rhe8 25. Qxh3 gxh3 26. Bd2 Re2
27. Rf2 R2e4 28. Bc3 Nf6 29. Kf1 Ng4 30. Rd2 h5 31. Rd3 Nxh2+ 32. Kg1 Re2 33.
Re1 Ng4 34. Rxe2 Rxe2 35. Rf3 Rg2+ 36. Kh1 Nf2+ 37. Rxf2 Rxf2 38. a4 Kb7 39. a5
c6 40. d5 cxd5 41. Bd4 Rd2 42. Bc3 Rg2 43. Be5 Rxg3 44. Kh2 Rb3 45. Bc3 Ka6 46.
Kxh3 d4 0-1

[Event "SA Championship"]
[Site "Adelaide"]
[Date "2008.03.04"]
[Round "5.2"]
[White "Kerr, Bill"]
[Black "Jackson, Ralph"]
[Result "1-0"]
[WhiteElo "1958"]
[BlackElo "1901"]
[PlyCount "77"]
[EventDate "2008.02.05"]
[EventType "tourn"]
[EventRounds "11"]
[EventCountry "AUS"]

1. f4 g6 2. Nf3 Bg7 3. g3 d6 4. Bg2 c6 5. O-O Qb6+ 6. d4 Bg4 7. c3 Nd7 8. Nbd2
Ngf6 9. e4 d5 10. e5 Ne4 11. Qe1 Nxd2 12. Nxd2 h5 13. h3 Be6 14. Nf3 Nf8 15.
Nh2 f6 16. exf6 exf6 17. g4 hxg4 18. hxg4 Kd7 19. f5 Bf7 20. fxg6 Bxg6 21. Qg3
Re8 22. Bh3 Ne6 23. g5 fxg5 24. Bxg5 Rxh3 25. Qxh3 Rh8 26. Qg2 Bxd4+ 27. cxd4
Qxd4+ 28. Rf2 Be4 29. Bf6 Qe3 30. Ng4 Qg3 31. Bxh8 Bxg2 32. Rxg2 Qh3 33. Be5
Ng5 34. Rf1 Nf3+ 35. Kf2 Nd2 36. Re1 Qf3+ 37. Kg1 Ne4 38. Bb8 a5 39. Ne5+ 1-0

[Event "SA Championship"]
[Site "Adelaide"]
[Date "2008.03.04"]
[Round "5.3"]
[White "Cloudsdale, Colin"]
[Black "Rigo, Bernard"]
[Result "1-0"]
[WhiteElo "1962"]
[BlackElo "1777"]
[PlyCount "51"]
[EventDate "2008.02.05"]
[EventType "tourn"]
[EventRounds "11"]
[EventCountry "AUS"]

1. e4 d6 2. d4 Nf6 3. Nc3 g6 4. Nf3 Bg7 5. Be2 O-O 6. h3 c6 7. Be3 Qa5 8. O-O
b5 9. Bd3 b4 10. Ne2 Ba6 11. Qd2 Bxd3 12. Qxd3 Qa6 13. Rfc1 Nxe4 14. Qxe4 Qxe2
15. Qxe7 Na6 16. Bg5 Qb5 17. Qxd6 h6 18. Be7 Rfe8 19. Re1 c5 20. Rad1 Rac8 21.
d5 Bxb2 22. Bf6 Bxf6 23. Qxf6 Qb6 24. d6 Rf8 25. Ne5 Nb8 26. Nxg6 1-0

[Event "SA Championship"]
[Site "Adelaide"]
[Date "2008.03.04"]
[Round "5.4"]
[White "Juszczynski, Mathew"]
[Black "Mdinaradze, Edgar"]
[Result "0-1"]
[WhiteElo "1906"]
[BlackElo "1908"]
[PlyCount "84"]
[EventDate "2008.02.05"]
[EventType "tourn"]
[EventRounds "11"]
[EventCountry "AUS"]

1. c4 c5 2. Nc3 Nf6 3. g3 g6 4. Bg2 Bg7 5. e4 Nc6 6. Nge2 d6 7. O-O O-O 8. d3
Bd7 9. h3 a6 10. Be3 Rb8 11. a4 Re8 12. f4 h6 13. g4 b6 14. Ng3 Nh7 15. h4 e6
16. h5 Bd4 17. Bxd4 Nxd4 18. Nce2 Qh4 19. Nxd4 cxd4 20. hxg6 fxg6 21. Nh1 e5
22. f5 Rf8 23. Qf3 Nf6 24. Nf2 h5 25. Qh3 Qg5 26. Bf3 Rf7 27. Qg3 Rg7 28. Kh2
gxf5 29. exf5 Bxf5 30. Nh3 Nxg4+ 31. Kh1 Qh6 32. Qh4 Bxd3 33. Bd5+ Kh7 34. Rf3
Qg6 35. Rxd3 Qxd3 36. Qxh5+ Nh6 37. Re1 Qd2 38. Be4+ Kh8 39. Rf1 Qe3 40. Bd5
Rg3 41. Nf4 Kh7 42. Qh4 exf4 0-1